| 000 | 00897nam a22002537a 4500 | ||
|---|---|---|---|
| 999 |
_c20747 _d20747 |
||
| 003 | AR-CdUCM | ||
| 008 | 190426b ||||| |||| 00| 0 spa d | ||
| 020 | _a978-607-404-938-1 | ||
| 040 |
_aMUNICIPALIDAD PROVINCIAL DEL CUSCO _cBIBLIOTECA MUNICIPAL DEL CUSCO |
||
| 041 | _hfre | ||
| 082 |
_aPI / 376.1 / _bI45 |
||
| 100 |
_aBoncens, Cristophe _943320 |
||
| 245 | _aMi cajita de los animales / | ||
| 260 |
_aMéxico : _bAuzou, _c2016. |
||
| 300 |
_bIlustraciones de animales, _c32 cm. |
||
| 500 | _aNo cuenta con numeración de paginas | ||
| 505 | _aContenido: Los animales de compañía -- Los animales de la granja -- los animales de la sabana -- Los bebes de los animales. | ||
| 650 |
_aAnimales _9917 |
||
| 650 |
_aPrimera infancia _924660 |
||
| 650 |
_aLiteratura infantil _9588 |
||
| 700 |
_aBarroso, Paz (traducción) _943321 |
||
| 942 |
_2ddc _cLIBROS |
||
| 945 |
_aJavier _d26/04/2019 |
||